000 00541nam a2200193Ia 4500
005 20250508151322.0
008 008 250505s9999 xx 000 0 eng d
037 _aTextual
040 _aFEDL
_beng
_cFEDL
041 _aeng
_2eng
084 _a371.42, TYL
_qFEDL
100 _aTyler Leona E
245 0 _aWork of the counselor
260 _aNew York, USA
_bAppleton - Century - Crofts
_c1953
300 _axi,323p
490 _aThe century psychology series
942 _cTEXL
_h371.42, TYL
999 _c1329029
_d1329029